Non-voting is Spain : some quantitative and attitudinal aspects / by José R. Montero some quantitative and attitudinal aspects / by José R. Montero
Descripción Física:
50 p. : taules ; 21 cm
Materias:
Abstencionisme electoral -- Espanya
MARC
| LEADER | 00000nam a2200000Ia 4500 | ||
|---|---|---|---|
| 001 | 16389 | ||
| 003 | BGR | ||
| 005 | 20260324175305.0 | ||
| 008 | 160829s1990 xx 000 0 cat d | ||
| 080 | |a M-5-19 | ||
| 100 | |a Montero Gibert, José Ramón |9 25154 | ||
| 245 | |a Non-voting is Spain : |b some quantitative and attitudinal aspects / by José R. Montero | ||
| 260 | |a Barcelona : |b Institut de Ciències Polítiques i Socials, |c 1990 | ||
| 300 | |a 50 p. : |b taules ; |c 21 cm | ||
| 490 | |a Working papers / Institut de Ciències Polítiques i Socials ; 22 | ||
| 590 | |a Notes. | ||
| 590 | |a Bibliografia | ||
| 650 | 0 | |a Abstencionisme electoral |z Espanya |9 32237 |2 Arxiu | |
| 710 | 2 | |a Institut de Ciències Polítiques i Socials (Barcelona, Catalunya) |9 55871 | |
| 901 | |a Arxiu | ||
| 942 | |n 1 |2 udc |c MON | ||
| 952 | |0 0 |1 0 |4 0 |6 M519 |7 1 |9 43473 |a Arxiu |b Arxiu |d 2016-12-01 |l 0 |o M-5-19 |p 16389 |r 2016-12-01 00:00:00 |w 2016-12-01 |y ARXIU | ||
| 999 | |c 46019 |d 46019 | ||